000 00583cam a22002053a 4500
001 42098
003 PGUSA
005 20140828083942.0
008 130215s2013||||xxu|||||s|||||000 | eng d
040 _aPGUSA
_beng
042 _adc
100 1 _aDay, Lewis F.
245 1 0 _aWindows, A Book About Stained and Painted Glass
_h[electronic resource] /
_cLewis F. Day
260 _bProject Gutenberg,
_c2013
506 _aPublic domain in the USA.
516 _aElectronic text
830 0 _aProject Gutenberg
_v42098
856 4 0 _uhttp://www.gutenberg.org/ebooks/42098
942 _cEB
999 _c271350
_d271350